[Event "Landsturneringen NM i sjakk 2013"]
[Site "Radisson Blu Lillehammer Hotel"]
[Date "2013.06.29"]
[Round "5"]
[White "Djurhuus, Eivind X"]
[Black "Skjølås, Erling Dyrhaug"]
[Result "1-0"]
[WhiteElo "1922"]
[BlackElo "1399"]
[PlyCount "95"]
[EventDate "2013.??.??"]

1. e4 e6 2. d4 d5 3. Nc3 Nf6 4. e5 Nfd7 5. f4 c5 6. Nf3 Nc6 7. Be3 cxd4 8. Nxd4
Bc5 9. Qd2 a6 10. O-O-O Qc7 11. g4 Bb4 12. a3 Ba5 13. h4 Nc5 14. Nxc6 Ne4 15.
Qd3 Nxc3 16. bxc3 bxc6 17. Bc5 Qb7 18. Kd2 Bd8 19. Be2 Be7 20. Rb1 Qc7 21. Qd4
Bxc5 22. Qxc5 Rb8 23. Rxb8 Qxb8 24. Qxc6+ Ke7 25. Bxa6 Rd8 26. Qc5+ Ke8 27.
Bb5+ Bd7 28. a4 Bxb5 29. Qxb5+ Qxb5 30. axb5 Rb8 31. Rb1 Kd7 32. Kd3 Kc7 33.
Rb4 Kb6 34. c4 Kc5 35. c3 Rb7 36. cxd5 exd5 37. b6 Rxb6 38. Rxb6 Kxb6 39. Kd4
Kc6 40. f5 h6 41. h5 Kd7 42. Kxd5 Ke7 43. c4 Kd7 44. c5 f6 45. e6+ Ke7 46. c6
g6 47. c7 g5 48. Kc6 1-0

[Event "Landsturneringen NM i sjakk 2013"]
[Site "Radisson Blu Lillehammer Hotel"]
[Date "2013.06.29"]
[Round "5"]
[White "Sivaranjan, Aschmirthan"]
[Black "Kyrkjebø, Hanna B"]
[Result "0-1"]
[WhiteElo "1470"]
[BlackElo "1555"]
[PlyCount "116"]
[EventDate "2013.??.??"]

1. e4 e5 2. Nf3 Nc6 3. Bb5 a6 4. Ba4 Nf6 5. d3 b5 6. Bb3 Be7 7. c3 d6 8. Nbd2
O-O 9. Nf1 Na5 10. Bc2 c5 11. Ng3 Nc6 12. O-O Re8 13. Re1 Bf8 14. h3 h6 15. Nh2
d5 16. f4 exf4 17. Bxf4 d4 18. Nf3 Be6 19. cxd4 Nxd4 20. Be3 Nxc2 21. Qxc2 Rc8
22. Red1 Qc7 23. Ne2 Qb7 24. a4 bxa4 25. Nd2 Bb3 26. Nxb3 axb3 27. Qc4 Qb5 28.
Qxb5 axb5 29. Ra5 Nxe4 30. dxe4 Rxe4 31. Nc3 Rxe3 32. Rxb5 c4 33. Kf2 Re6 34.
Rd7 Rd6 35. Rxd6 Bxd6 36. Kf3 Kf8 37. Ke4 f6 38. Kd5 Be5 39. Rc5 Rxc5+ 40. Kxc5
Bxc3 41. Kxc4 Bxb2 42. Kxb3 Be5 43. Kc4 Kf7 44. Kd5 Kg6 45. Ke4 Kg5 46. Kf3 Kh4
47. Kf2 h5 48. Kf3 g5 49. Kf2 g4 50. hxg4 hxg4 51. Kg1 Kg3 52. Kh1 Kf2 53. g3
Kxg3 54. Kg1 f5 55. Kh1 f4 56. Kg1 Bg7 57. Kh1 Kf2 58. Kh2 Ke2 0-1

[Event "Landsturneringen NM i sjakk 2013"]
[Site "Radisson Blu Lillehammer Hotel"]
[Date "2013.06.29"]
[Round "5"]
[White "Ellingsen, Ludvig Brannsether"]
[Black "Keadana, Amir"]
[Result "1/2-1/2"]
[WhiteElo "1390"]
[BlackElo "1275"]
[PlyCount "30"]
[EventDate "2013.??.??"]

1. c4 c6 2. d4 d5 3. Nc3 Nf6 4. Bf4 Bf5 5. e3 e6 6. Bd3 Bxd3 7. Qxd3 dxc4 8.
Qxc4 Nd5 9. Nxd5 cxd5 10. Qb5+ Qd7 11. Qxd7+ Kxd7 12. Nf3 Nc6 13. a3 a5 14.
Ne5+ Nxe5 15. Bxe5 Bd6 1/2-1/2

[Event "Landsturneringen NM i sjakk 2013"]
[Site "Radisson Blu Lillehammer Hotel"]
[Date "2013.06.29"]
[Round "5"]
[White "Aure, Anders Nilsson"]
[Black "Amarapala, Sherington"]
[Result "1-0"]
[WhiteElo "1449"]
[BlackElo "1536"]
[PlyCount "78"]
[EventDate "2013.??.??"]

1. c4 e6 2. g3 f5 3. Bg2 Nf6 4. Nf3 Be7 5. Nc3 O-O 6. O-O d6 7. d4 c6 8. Bf4
Qe8 9. Re1 Nbd7 10. Qd3 Ng4 11. h3 e5 12. hxg4 exf4 13. gxf5 fxg3 14. fxg3 Qh5
15. e4 Nf6 16. Kf2 d5 17. Rh1 dxe4 18. Nxe4 Qxf5 19. Nxf6+ Bxf6 20. Qxf5 Bxf5
21. Rhd1 Rad8 22. Kg1 Bg4 23. Rd2 Bxf3 24. Bxf3 Bxd4+ 25. Kg2 Be5 26. Rad1 Bf6
27. b3 Rxd2+ 28. Rxd2 Rd8 29. Rxd8+ Bxd8 30. Bg4 Kf7 31. Kf3 Kf6 32. Bc8 b6 33.
Ke4 h5 34. g4 h4 35. Bd7 Kg5 36. Kf3 c5 37. Kg2 Kf4 38. a3 a5 39. a4 g6 1-0

[Event "Landsturneringen NM i sjakk 2013"]
[Site "Radisson Blu Lillehammer Hotel"]
[Date "2013.06.29"]
[Round "6"]
[White "Kyrkjebø, Marte B"]
[Black "Løbersli, Henrik Øie"]
[Result "1-0"]
[WhiteElo "1563"]
[BlackElo "1665"]
[PlyCount "83"]
[EventDate "2013.??.??"]

1. e4 c5 2. Nc3 Nc6 3. Bb5 Nd4 4. Bc4 e6 5. Nf3 Nf6 6. O-O a6 7. d3 b5 8. Bb3
Nxb3 9. axb3 Bb7 10. h3 Be7 11. Nh2 O-O 12. f4 d5 13. e5 Nd7 14. Qe1 Qb6 15.
Kh1 f6 16. exf6 Nxf6 17. Bd2 b4 18. Ne2 d4 19. Nf3 Nd5 20. Ne5 Rf5 21. Ng3 Bh4
22. Kh2 Qd6 23. Qe2 Bxg3+ 24. Kxg3 Raf8 25. Nc4 Qe7 26. Rae1 R8f6 27. Ne5 Rh6
28. Kh2 Qf6 29. Ng4 Qh4 30. Nxh6+ Qxh6 31. Qxe6+ Qxe6 32. Rxe6 g5 33. Re5 Rxe5
34. fxe5 h6 35. h4 Ne3 36. Bxe3 dxe3 37. Re1 Kf7 38. Rxe3 Ke6 39. Kg3 Bd5 40.
hxg5 hxg5 41. Kg4 Bxg2 42. Kxg5 1-0

[Event "Landsturneringen NM i sjakk 2013"]
[Site "Radisson Blu Lillehammer Hotel"]
[Date "2013.06.29"]
[Round "6"]
[White "Haldorsen, Benjamin"]
[Black "Grønn, Eskil Ekeland"]
[Result "1-0"]
[WhiteElo "1892"]
[BlackElo "1606"]
[PlyCount "45"]
[EventDate "2013.??.??"]

1. e4 c5 2. Nc3 Nc6 3. Bb5 e6 4. Bxc6 bxc6 5. d3 d6 6. f4 g6 7. Nf3 Bg7 8. O-O
Rb8 9. Qe1 Ne7 10. b3 Bd4+ 11. Nxd4 cxd4 12. Ne2 e5 13. fxe5 dxe5 14. Bg5 Qd6
15. Bf6 Rf8 16. Qg3 Rb5 17. a4 Ra5 18. Rab1 Nf5 19. exf5 Qxf6 20. Nxd4 gxf5 21.
Rbe1 Kd8 22. Rxe5 f4 23. Rxf4 1-0

[Event "Landsturneringen NM i sjakk 2013"]
[Site "Radisson Blu Lillehammer Hotel"]
[Date "2013.06.29"]
[Round "6"]
[White "Andås, Kjetil"]
[Black "Olsen, Ulrik"]
[Result "0-1"]
[WhiteElo "1492"]
[BlackElo "1644"]
[PlyCount "116"]
[EventDate "2013.??.??"]

1. e4 e5 2. Nf3 Nc6 3. Bc4 Nf6 4. Ng5 d5 5. exd5 Na5 6. Bb5+ Bd7 7. Qe2 Bd6 8.
Nc3 O-O 9. O-O Nxd5 10. Nxd5 Bxb5 11. Qxb5 c6 12. Qd3 Qxg5 13. Nc3 Qe7 14. Ne4
Bc7 15. b4 f5 16. Ng3 e4 17. Qc3 Be5 18. Qa3 Bxa1 19. bxa5 Bf6 20. Qb3+ Qf7 21.
Nxf5 Qxb3 22. axb3 Rad8 23. Ba3 Rfe8 24. Rd1 Re5 25. Nd6 Rxa5 26. Bb4 Re5 27.
Nc4 Red5 28. Kf1 c5 29. Ba3 b5 30. Ne3 Rxd2 31. Rxd2 Rxd2 32. Bxc5 Bd4 33. Bxd4
Rxd4 34. Ke2 Rd8 35. Nd1 b4 36. Nb2 Kf7 37. Ke3 Kf6 38. Nc4 Kf5 39. h3 h5 40.
Na5 Rc8 41. Nc4 Rd8 42. Na5 Rd6 43. g3 g5 44. Nc4 Rd1 45. Ke2 Rd7 46. Ke3 g4
47. h4 Rd8 48. Na5 Rd6 49. Nc4 Rd5 50. Ke2 Rd4 51. Na5 Rd6 52. Nc4 Rd8 53. Na5
Rc8 54. Nc4 Rxc4 55. bxc4 Ke5 56. Ke3 a5 57. c5 Kd5 58. c6 Kxc6 0-1

[Event "Landsturneringen NM i sjakk 2013"]
[Site "Radisson Blu Lillehammer Hotel"]
[Date "2013.06.29"]
[Round "6"]
[White "Djurhuus, Eivind X"]
[Black "Rødsmoen, Maud"]
[Result "1-0"]
[WhiteElo "1922"]
[BlackElo "1722"]
[PlyCount "101"]
[EventDate "2013.??.??"]

1. e4 c5 2. Nf3 e6 3. d4 cxd4 4. Nxd4 Nc6 5. Nc3 Qc7 6. Be3 a6 7. Qd2 Nf6 8.
O-O-O Be7 9. f3 b5 10. g4 d6 11. Nxc6 Qxc6 12. Ne2 Bb7 13. Nd4 Qc7 14. Kb1 d5
15. e5 Nd7 16. f4 Nc5 17. Bg2 O-O-O 18. Qf2 f6 19. exf6 gxf6 20. Nb3 Na4 21.
Bd4 Rhf8 22. Qe3 Rd6 23. Rhe1 Kb8 24. Nc5 Nxc5 25. Bxc5 Rd7 26. Bb6 Qc6 27.
Qxe6 Rd6 28. Qxe7 Rc8 29. Qxh7 Qxb6 30. Rd2 Re6 31. Red1 Rce8 32. Bxd5 Bxd5 33.
Rxd5 Re1 34. Qd3 Qc7 35. Rd4 Qb6 36. b3 Rxd1+ 37. Qxd1 Re1 38. Qxe1 Qxd4 39. f5
Kc8 40. h4 Qxg4 41. Qe6+ Kc7 42. Qxf6 a5 43. Qe5+ Kb6 44. f6 Qxh4 45. f7 Qh1+
46. Kb2 Qf1 47. Qg7 a4 48. f8=Q a3+ 49. Qxa3 Qf3 50. Qga7+ Kc6 51. Q3c5# 1-0

[Event "Landsturneringen NM i sjakk 2013"]
[Site "Radisson Blu Lillehammer Hotel"]
[Date "2013.06.29"]
[Round "6"]
[White "Kyrkjebø, Hanna B"]
[Black "Bjørn, Lasse E"]
[Result "0-1"]
[WhiteElo "1555"]
[BlackElo "1762"]
[PlyCount "184"]
[EventDate "2013.??.??"]

1. e4 c5 2. Nc3 Nc6 3. Bb5 g6 4. Bxc6 bxc6 5. f4 Bg7 6. d3 d6 7. Nf3 Nf6 8. O-O
O-O 9. Qe1 Qb6 10. Kh1 Ne8 11. Qh4 c4 12. dxc4 Qb4 13. e5 Qxc4 14. Re1 dxe5 15.
fxe5 Qxh4 16. Nxh4 Nc7 17. Nf3 h6 18. Bf4 Rd8 19. Rad1 Bb7 20. Ne4 Ne6 21. Be3
Rd5 22. Rxd5 cxd5 23. Nc5 Nxc5 24. Bxc5 Rc8 25. b4 e6 26. a3 Bf8 27. Bxf8 Kxf8
28. Nd4 Rc3 29. Rf1 Ke7 30. Nb5 Ba6 31. Nxc3 Bxf1 32. Kg1 Bc4 33. Kf2 f6 34.
exf6+ Kxf6 35. Ke3 e5 36. Nd1 Kf5 37. c3 a6 38. Nf2 h5 39. g3 Bb5 40. Kd2 d4
41. cxd4 exd4 42. Kc2 Ke5 43. Kd2 Kd5 44. Kc2 Kc4 45. Nd3 Ba4+ 46. Kd2 Kb3 47.
Nc5+ Kxa3 48. Nxa6 Bb5 49. Nc5 Kxb4 50. Ne6 Kc4 51. Nf4 Be8 52. Nd3 Kd5 53. Nf2
Bd7 54. Nd3 Bf5 55. Nf2 Kc4 56. Nd1 Kc5 57. Nf2 Kd5 58. h4 Kc5 59. Ke2 Kc4 60.
Kd2 d3 61. Nd1 Kd4 62. Nf2 Be4 63. Nd1 Bf3 64. Nf2 Be2 65. Nh3 Ke5 66. Nf2 Kf5
67. Ke3 Bf1 68. Kd2 Ke5 69. Nxd3+ Ke4 70. Nf2+ Kf3 71. Ke1 Bb5 72. Nh1 Kg2 73.
Nf2 Kxg3 74. Ne4+ Kxh4 75. Kf2 Bc6 76. Ng3 Kg4 77. Ne2 h4 78. Kg1 Bb7 79. Kh2
g5 80. Ng1 Bf3 81. Nh3 Kf5 82. Nf2 g4 83. Kg1 Be2 84. Nh1 Kf4 85. Nf2 g3 86.
Nh3+ Kg4 87. Nf2+ gxf2+ 88. Kxf2 Bf3 89. Kg1 Kg3 90. Kf1 h3 91. Ke1 h2 92. Kf1
h1=Q# 0-1

[Event "Landsturneringen NM i sjakk 2013"]
[Site "Radisson Blu Lillehammer Hotel"]
[Date "2013.06.29"]
[Round "6"]
[White "Keadana, Amir"]
[Black "Aure, Anders Nilsson"]
[Result "1-0"]
[WhiteElo "1275"]
[BlackElo "1449"]
[PlyCount "41"]
[EventDate "2013.??.??"]

1. e4 c5 2. Nf3 e6 3. d4 cxd4 4. Nxd4 Nc6 5. Be3 Nf6 6. f3 Be7 7. Nc3 O-O 8.
Be2 Nxd4 9. Qxd4 b6 10. O-O-O Bc5 11. Qd2 Bxe3 12. Qxe3 Qc7 13. e5 Ne8 14. Nb5
Qc6 15. Nd6 Nxd6 16. Rxd6 Qc7 17. Rhd1 Rd8 18. Qd4 h6 19. Bb5 Kf8 20. Qe4 Qb7
21. Bc6 1-0

[Event "Landsturneringen NM i sjakk 2013"]
[Site "Radisson Blu Lillehammer Hotel"]
[Date "2013.06.29"]
[Round "6"]
[White "Amarapala, Sherington"]
[Black "Ellingsen, Ludvig Brannsether"]
[Result "0-1"]
[WhiteElo "1536"]
[BlackElo "1390"]
[PlyCount "94"]
[EventDate "2013.??.??"]

1. e4 c5 2. Nf3 g6 3. d4 cxd4 4. Nxd4 Bg7 5. Be3 Nc6 6. c3 Nf6 7. f3 O-O 8. Be2
d5 9. exd5 Nxd5 10. Nxc6 bxc6 11. Bd4 Bh6 12. Kf2 Qc7 13. g3 c5 14. c4 cxd4 15.
cxd5 Qb6 16. Qb3 Be3+ 17. Kg2 Rb8 18. Qxb6 Rxb6 19. b3 d3 20. Bxd3 Bd4 21. Na3
Bxa1 22. Rxa1 Rd6 23. Bc4 a6 24. Re1 e6 25. dxe6 Bxe6 26. Bxe6 Rd2+ 27. Kh3
fxe6 28. Rxe6 Rxf3 29. Rxa6 Rxa2 30. Ra8+ Kg7 31. Ra7+ Kh6 32. Nb5 Rxa7 33.
Nxa7 Rxb3 34. Nc6 Rb2 35. Nd4 Kg7 36. Ne6+ Kf6 37. Nf4 Kf5 38. Nd5 Re2 39. Nf4
Rd2 40. Ng2 g5 41. Ne3+ Ke4 42. Ng4 h5 43. Nh6 g4+ 44. Nxg4 hxg4+ 45. Kxg4 Rxh2
46. Kg5 Kf3 47. g4 Rg2 0-1

[Event "Landsturneringen NM i sjakk 2013"]
[Site "Radisson Blu Lillehammer Hotel"]
[Date "2013.06.29"]
[Round "6"]
[White "Sivaranjan, Aschmirthan"]
[Black "Sætre, Mathias"]
[Result "1/2-1/2"]
[WhiteElo "1470"]
[BlackElo "1720"]
[PlyCount "43"]
[EventDate "2013.??.??"]

1. e4 c5 2. Nf3 Nc6 3. d4 cxd4 4. Nxd4 d6 5. c4 Nf6 6. Nc3 Bd7 7. Be2 g6 8. Be3
Bg7 9. O-O O-O 10. Rc1 Rc8 11. b3 b6 12. Qd2 Nxd4 13. Bxd4 Bc6 14. f3 e6 15.
Rfd1 Ne8 16. Bxg7 Kxg7 17. e5 Qd7 18. exd6 Rd8 19. Qd4+ Kg8 20. Qe3 Nxd6 21. c5
Nf5 22. Rxd7 1/2-1/2

[Event "Landsturneringen NM i sjakk 2013"]
[Site "Radisson Blu Lillehammer Hotel"]
[Date "2013.06.29"]
[Round "7"]
[White "Haldorsen, Benjamin"]
[Black "Djurhuus, Eivind X"]
[Result "0-1"]
[WhiteElo "1892"]
[BlackElo "1922"]
[PlyCount "66"]
[EventDate "2013.??.??"]

1. e4 e6 2. d4 d5 3. Nc3 Nf6 4. Bg5 Bb4 5. e5 h6 6. Bd2 Bxc3 7. bxc3 Ne4 8. Qg4
g6 9. Bd3 Nxd2 10. Kxd2 c5 11. Bb5+ Bd7 12. Bxd7+ Nxd7 13. Ne2 Qa5 14. a4 cxd4
15. Qxd4 Rc8 16. f4 Rc4 17. Qe3 Nc5 18. Rhb1 O-O 19. Rb5 Qc7 20. Rb4 Ne4+ 21.
Ke1 Rxb4 22. cxb4 Qxc2 23. Qd4 Qb3 24. Nc1 Qc4 25. Qxc4 dxc4 26. Na2 Rd8 27.
Rd1 Rd5 28. Ke2 f6 29. Rxd5 exd5 30. Ke3 fxe5 31. fxe5 Kf7 32. Kd4 Ke6 33. b5
Nd2 0-1

[Event "Landsturneringen NM i sjakk 2013"]
[Site "Radisson Blu Lillehammer Hotel"]
[Date "2013.06.29"]
[Round "7"]
[White "Olsen, Ulrik"]
[Black "Kyrkjebø, Marte B"]
[Result "1-0"]
[WhiteElo "1644"]
[BlackElo "1563"]
[PlyCount "99"]
[EventDate "2013.??.??"]

1. e4 e5 2. Nf3 Nc6 3. Bb5 a6 4. Ba4 Nf6 5. O-O b5 6. Bb3 Be7 7. Re1 d6 8. h3
O-O 9. c3 Nb8 10. d3 Nbd7 11. Nbd2 Bb7 12. Nf1 Nc5 13. Bc2 Re8 14. Ng3 Bf8 15.
b4 Ncd7 16. a4 g6 17. Bg5 Bg7 18. Qd2 Qe7 19. Bh6 Qf8 20. Bxg7 Qxg7 21. Bb3 d5
22. exd5 Nxd5 23. axb5 axb5 24. Rxa8 Rxa8 25. c4 Nf4 26. Ne4 Re8 27. Qc3 bxc4
28. dxc4 Kh8 29. c5 Bc6 30. Neg5 Re7 31. Bc4 h6 32. Ne4 Bxe4 33. Rxe4 f6 34.
Re1 Ne6 35. Rd1 Nf4 36. Qd2 g5 37. Qc2 e4 38. Nd4 Qf8 39. Nf5 Rh7 40. Qxe4 Ne5
41. Bb5 h5 42. h4 Nf7 43. hxg5 fxg5 44. Qd4+ Kg8 45. Qf6 Qb8 46. Ne7+ Kf8 47.
Bc4 Ke8 48. Nc6 Qd8 49. Nxd8 Nxd8 50. Rxd8# 1-0

[Event "Landsturneringen NM i sjakk 2013"]
[Site "Radisson Blu Lillehammer Hotel"]
[Date "2013.06.29"]
[Round "7"]
[White "Løbersli, Henrik Øie"]
[Black "Keadana, Amir"]
[Result "1-0"]
[WhiteElo "1665"]
[BlackElo "1275"]
[PlyCount "79"]
[EventDate "2013.??.??"]

1. d4 Nf6 2. c4 e6 3. g3 Bb4+ 4. Bd2 Bxd2+ 5. Nxd2 O-O 6. Ngf3 b6 7. Bg2 Bb7 8.
O-O d6 9. Qc2 c5 10. e4 cxd4 11. Nxd4 Nc6 12. N2b3 Nxd4 13. Nxd4 d5 14. cxd5
exd5 15. e5 Ne4 16. f3 Ng5 17. Rfe1 Ne6 18. Nf5 d4 19. Nd6 Bd5 20. f4 Bxg2 21.
Qxg2 Qd7 22. Qd5 Rad8 23. Rac1 f6 24. Qc6 fxe5 25. fxe5 Nc5 26. Qxd7 Rxd7 27.
Red1 Re7 28. b4 Na4 29. Re1 Nc3 30. a3 Rd8 31. Kg2 Rf8 32. h4 Nd5 33. Re4 Ne3+
34. Kh3 h5 35. Rxd4 Rf2 36. Ne4 Re2 37. Rc8+ Kh7 38. Ng5+ Kh6 39. Rd6+ g6 40.
Rg8 1-0

[Event "Landsturneringen NM i sjakk 2013"]
[Site "Radisson Blu Lillehammer Hotel"]
[Date "2013.06.29"]
[Round "7"]
[White "Grønn, Eskil Ekeland"]
[Black "Andås, Kjetil"]
[Result "1-0"]
[WhiteElo "1606"]
[BlackElo "1492"]
[PlyCount "71"]
[EventDate "2013.??.??"]

1. d4 Nf6 2. Nc3 d5 3. Bg5 Nbd7 4. Qd3 e6 5. f3 c5 6. e4 dxe4 7. Nxe4 Qa5+ 8.
c3 Be7 9. Bxf6 Bxf6 10. dxc5 O-O 11. Qb5 Qc7 12. O-O-O Be7 13. b4 Ne5 14. Qe2
Rd8 15. Rxd8+ Qxd8 16. Qd2 Bd7 17. f4 Ng6 18. Nf3 Bc6 19. Bd3 Nxf4 20. Nd6
Nxd3+ 21. Qxd3 Bxf3 22. gxf3 b6 23. Rd1 bxc5 24. bxc5 Qc7 25. Qe4 Rd8 26. Qf4
Bf6 27. Qb4 h6 28. Kc2 Qc6 29. Rd3 Rd7 30. a4 Rc7 31. Qb8+ Kh7 32. Ne8 Rb7 33.
Nxf6+ gxf6 34. Qf4 Qxc5 35. Qe4+ Kg7 36. Qxb7 1-0

[Event "Landsturneringen NM i sjakk 2013"]
[Site "Radisson Blu Lillehammer Hotel"]
[Date "2013.06.29"]
[Round "7"]
[White "Ellingsen, Ludvig Brannsether"]
[Black "Bjørn, Lasse E"]
[Result "1-0"]
[WhiteElo "1390"]
[BlackElo "1762"]
[PlyCount "123"]
[EventDate "2013.??.??"]

1. e4 c5 2. Nf3 d6 3. d4 cxd4 4. Nxd4 Nf6 5. Nc3 g6 6. Be2 Bg7 7. Be3 Nc6 8. f3
O-O 9. Qd2 d5 10. exd5 Nxd5 11. Nxc6 bxc6 12. Bd4 e5 13. Bc5 Nxc3 14. bxc3
Qxd2+ 15. Kxd2 Rd8+ 16. Bd3 Be6 17. Rab1 f5 18. Rhe1 Bxa2 19. Rb7 Bd5 20. Ke3
a5 21. c4 Bf7 22. Reb1 a4 23. Ba3 Be8 24. R1b6 Rd7 25. Rb8 Rda7 26. Rxa8 Rxa8
27. g4 Bh6+ 28. Kf2 Bf8 29. c5 fxg4 30. fxg4 Rd8 31. Ra6 Rd4 32. Kf3 Bd7 33. h3
Bc8 34. Ra8 Be6 35. Be4 Rc4 36. Bb2 Rxc5 37. Rxf8+ Kg7 38. Ra8 Bd5 39. Bxe5+
Kf7 40. Rxa4 Rxc2 41. Bxd5+ cxd5 42. Ra6 Rd2 43. Ra7+ Ke6 44. Ke3 Rc2 45. Bd4
h5 46. Ra6+ Kf7 47. Rf6+ Ke7 48. Rxg6 Rh2 49. h4 Kf7 50. Rg5 Rxh4 51. gxh5 Ke6
52. Bg7 Kd6 53. h6 Kc5 54. Kf3 Rh3+ 55. Kg4 Rh1 56. Rh5 Rg1+ 57. Kf5 Rf1+ 58.
Ke6 Re1+ 59. Kf7 Rf1+ 60. Bf6 Kc4 61. h7 d4 62. Rh4 1-0

[Event "Landsturneringen NM i sjakk 2013"]
[Site "Radisson Blu Lillehammer Hotel"]
[Date "2013.06.29"]
[Round "7"]
[White "Rødsmoen, Maud"]
[Black "Amarapala, Sherington"]
[Result "0-1"]
[WhiteElo "1722"]
[BlackElo "1536"]
[PlyCount "170"]
[EventDate "2013.??.??"]

1. e4 e5 2. Nf3 Nc6 3. Bb5 a6 4. Ba4 Nf6 5. O-O Be7 6. Re1 b5 7. Bb3 O-O 8. h3
d6 9. c3 Na5 10. Bc2 c5 11. d4 Nc6 12. d5 Nb8 13. Nbd2 Nbd7 14. Nf1 Re8 15. Ng3
Qc7 16. Be3 Rb8 17. Qd2 Bf8 18. Kh1 a5 19. b3 g6 20. Ng5 Ba6 21. Bd3 Rb7 22.
Rec1 Nb6 23. Be2 c4 24. h4 h5 25. Rc2 Rc8 26. Rf1 Nbd7 27. f4 exf4 28. Rxf4 Bg7
29. Bd4 Ne5 30. Rf1 Qd8 31. Nf3 Nfg4 32. Ng5 cxb3 33. axb3 Rbc7 34. Qf4 Qe7 35.
Bxg4 Nxg4 36. Bxg7 Kxg7 37. Qf3 b4 38. c4 Ne5 39. Qd1 a4 40. bxa4 Rxc4 41. Rxc4
Bxc4 42. Rf2 b3 43. Qa1 Kg8 44. Ne2 Bxe2 45. Rxe2 Nd3 46. Qd4 Rc1+ 47. Kh2 Qe5+
48. Qxe5 dxe5 49. d6 Rd1 50. Nf3 Nc5 51. Rb2 Rxd6 52. Nxe5 Ra6 53. Nc4 Rxa4 54.
Nd2 Ra2 55. Nc4 Rxb2 56. Nxb2 Nxe4 57. Kg1 Kf8 58. Kf1 Ke7 59. Ke2 Ke6 60. Kf3
Kf5 61. Nc4 Nc5 62. Nb2 Ke5 63. Ke3 Kd5 64. g3 f6 65. Kf4 Kd4 66. Kf3 Nd3 67.
Nd1 b2 68. Nxb2 Nxb2 69. g4 Ke5 70. Kg3 Nd3 71. Kf3 Ne1+ 72. Kg3 Ke4 73. Kf2
Nf3 74. Kg3 hxg4 75. Kxg4 Nxh4 76. Kxh4 Kf4 77. Kh3 Kf3 78. Kh2 g5 79. Kh3 g4+
80. Kh2 Kf2 81. Kh1 f5 82. Kh2 g3+ 83. Kh3 g2 84. Kh4 g1=Q 85. Kh5 Ke2 0-1

[Event "Landsturneringen NM i sjakk 2013"]
[Site "Radisson Blu Lillehammer Hotel"]
[Date "2013.06.29"]
[Round "7"]
[White "Skjølås, Erling Dyrhaug"]
[Black "Sivaranjan, Aschmirthan"]
[Result "1-0"]
[WhiteElo "1399"]
[BlackElo "1470"]
[PlyCount "93"]
[EventDate "2013.??.??"]

1. d4 f5 2. c4 e6 3. Nc3 Nf6 4. e3 d6 5. Nf3 Be7 6. Bd3 c6 7. e4 fxe4 8. Nxe4
Nbd7 9. Bf4 Nxe4 10. Bxe4 Nf6 11. Bd3 O-O 12. O-O Qe8 13. Re1 Qh5 14. Bg3 Bd7
15. Qd2 Ng4 16. h3 Nh6 17. Qb4 b6 18. Bxd6 Bxd6 19. Qxd6 Qf7 20. Ne5 Qxf2+ 21.
Kh1 Rad8 22. Nxd7 Qf7 23. Rf1 Rxd7 24. Bxh7+ Kxh7 25. Qxf8 Qxf8 26. Rxf8 Rxd4
27. b3 a6 28. Re1 b5 29. cxb5 axb5 30. Rxe6 c5 31. Rc6 c4 32. bxc4 bxc4 33.
Rfc8 Rd2 34. a4 Nf5 35. Rxc4 Nd6 36. Rh4+ Kg6 37. Rd8 Kf6 38. a5 Ke7 39. Ra8
Ra2 40. Rb4 Kd7 41. a6 Kc6 42. a7 Kc7 43. Rg8 Nc8 44. Rxc8+ Kxc8 45. Rb8+ Kc7
46. a8=Q Rxa8 47. Rxa8 1-0

[Event "Landsturneringen NM i sjakk 2013"]
[Site "Radisson Blu Lillehammer Hotel"]
[Date "2013.06.29"]
[Round "7"]
[White "Aure, Anders Nilsson"]
[Black "Sætre, Mathias"]
[Result "0-1"]
[WhiteElo "1449"]
[BlackElo "1720"]
[PlyCount "106"]
[EventDate "2013.??.??"]

1. c4 e5 2. Nc3 Nc6 3. g3 g6 4. Bg2 Bg7 5. e3 d6 6. Nge2 Be6 7. d3 Qd7 8. O-O
Bh3 9. Rb1 h5 10. Bxh3 Qxh3 11. Kh1 h4 12. Ng1 Qe6 13. Qf3 Nf6 14. Nd5 O-O-O
15. h3 hxg3 16. fxg3 e4 17. dxe4 Ne5 18. Qg2 Nxc4 19. Nxf6 Bxf6 20. b3 Ne5 21.
Bb2 Rh5 22. Rbd1 Rdh8 23. Bd4 Ng4 24. Rde1 g5 25. Rf5 Ne5 26. Ref1 Be7 27. g4
Rh4 28. Bxe5 dxe5 29. Kh2 f6 30. Rd1 Rd8 31. Rff1 Rhh8 32. Qf3 Qb6 33. Kg2 Rxd1
34. Rxd1 Bc5 35. Kf2 Rf8 36. Qe2 Qc6 37. Qf3 Qa6 38. Rd2 Qa5 39. Qf5+ Kb8 40.
Qd7 Rc8 41. Qd3 c6 42. Nf3 Rh8 43. Kg3 Qb6 44. Re2 Rd8 45. Qc3 Kc7 46. Qc4 Rd7
47. Qc3 Kc8 48. Kf2 Qb5 49. Rd2 Bb4 50. Qc2 Bxd2 51. Nxd2 Qd3 52. Qxd3 Rxd3 53.
Nc4 b5 0-1

[Event "Landsturneringen NM i sjakk 2013"]
[Site "Radisson Blu Lillehammer Hotel"]
[Date "2013.06.29"]
[Round "8"]
[White "Djurhuus, Eivind X"]
[Black "Olsen, Ulrik"]
[Result "1-0"]
[WhiteElo "1922"]
[BlackElo "1644"]
[PlyCount "57"]
[EventDate "2013.??.??"]

1. e4 e5 2. Nf3 Nc6 3. Bb5 a6 4. Ba4 Nf6 5. O-O Be7 6. Re1 b5 7. Bb3 d6 8. c3
O-O 9. d4 Bg4 10. d5 Na5 11. Bc2 c5 12. h3 Bd7 13. Nxe5 dxe5 14. d6 Nb7 15.
dxe7 Qxe7 16. Bg5 Rfd8 17. Qe2 Be6 18. b3 c4 19. Nd2 Rac8 20. b4 h6 21. Bh4 Rd7
22. Nf3 Rcd8 23. Bg3 g5 24. Bxe5 g4 25. hxg4 Bxg4 26. Bd4 Re8 27. Qe3 Nd6 28.
Qxh6 Ndxe4 29. Rxe4 1-0

[Event "Landsturneringen NM i sjakk 2013"]
[Site "Radisson Blu Lillehammer Hotel"]
[Date "2013.06.29"]
[Round "8"]
[White "Ellingsen, Ludvig Brannsether"]
[Black "Haldorsen, Benjamin"]
[Result "1-0"]
[WhiteElo "1390"]
[BlackElo "1892"]
[PlyCount "53"]
[EventDate "2013.??.??"]

1. e4 e5 2. Nf3 Nc6 3. Bc4 Bc5 4. c3 Nf6 5. d4 exd4 6. e5 d5 7. Bb5 Ne4 8. cxd4
Bb6 9. Nc3 O-O 10. Be3 Bg4 11. Qc2 Bxf3 12. Bxc6 Nxc3 13. gxf3 bxc6 14. Qxc3 f6
15. f4 Rb8 16. O-O-O Qd7 17. Rdg1 Rb7 18. Rg3 a5 19. Rhg1 g6 20. Qc2 f5 21. f3
Kf7 22. h4 Rg8 23. h5 Rbb8 24. Qh2 Qe6 25. hxg6+ hxg6 26. Qh6 Rg7 27. Rxg6 1-0

[Event "Landsturneringen NM i sjakk 2013"]
[Site "Radisson Blu Lillehammer Hotel"]
[Date "2013.06.29"]
[Round "9"]
[White "Djurhuus, Eivind X"]
[Black "Løbersli, Henrik Øie"]
[Result "1-0"]
[WhiteElo "1922"]
[BlackElo "1665"]
[PlyCount "81"]
[EventDate "2013.??.??"]

1. e4 c5 2. Nf3 d6 3. Bb5+ Nc6 4. Bxc6+ bxc6 5. O-O e5 6. Re1 Nf6 7. c3 Bg4 8.
h3 Bh5 9. d4 cxd4 10. cxd4 Nd7 11. Be3 Be7 12. Nbd2 exd4 13. Bxd4 O-O 14. Rc1
c5 15. Be3 Ne5 16. g4 Nxf3+ 17. Qxf3 Bg6 18. Nc4 Bxe4 19. Qxe4 d5 20. Qd3 dxc4
21. Qxd8 Rfxd8 22. Rxc4 Bf6 23. b3 Bd4 24. Bxd4 cxd4 25. Rd1 d3 26. Rc3 d2 27.
Rc2 g6 28. Rdxd2 Rxd2 29. Rxd2 Kg7 30. Rd7 a6 31. Rd6 Kf8 32. Kf1 a5 33. Rd5 a4
34. b4 Rc8 35. Ra5 Rc2 36. Rxa4 Rb2 37. a3 Rb3 38. Kg2 Kg7 39. Ra5 Kf6 40. b5
Kg5 41. a4 1-0

[Event "Landsturneringen NM i sjakk 2013"]
[Site "Radisson Blu Lillehammer Hotel"]
[Date "2013.06.29"]
[Round "9"]
[White "Olsen, Ulrik"]
[Black "Grønn, Eskil Ekeland"]
[Result "0-1"]
[WhiteElo "1644"]
[BlackElo "1606"]
[PlyCount "46"]
[EventDate "2013.??.??"]

1. e4 c5 2. Nf3 d6 3. d4 cxd4 4. Nxd4 Nf6 5. Nc3 Nc6 6. Bg5 Bd7 7. Qd2 Rc8 8.
O-O-O Nxd4 9. Qxd4 Qa5 10. Bxf6 gxf6 11. Kb1 Rg8 12. g3 Bg7 13. Nd5 f5 14. Qd3
e6 15. Ne3 Qb4 16. b3 Qa3 17. c3 Rxc3 18. Qd2 Rxb3+ 19. axb3 Qa1+ 20. Kc2 Qb2+
21. Kd3 Bb5+ 22. Nc4 Qxb3+ 23. Ke2 Qxc4+ 0-1

[Event "Landsturneringen NM i sjakk 2013"]
[Site "Radisson Blu Lillehammer Hotel"]
[Date "2013.06.29"]
[Round "9"]
[White "Kyrkjebø, Marte B"]
[Black "Ellingsen, Ludvig Brannsether"]
[Result "1-0"]
[WhiteElo "1563"]
[BlackElo "1390"]
[PlyCount "75"]
[EventDate "2013.??.??"]

1. e4 c5 2. Nc3 g6 3. g3 Bg7 4. Bg2 Nc6 5. d3 Nf6 6. f4 d6 7. Nf3 O-O 8. O-O
Bd7 9. h3 e6 10. Be3 a6 11. g4 b6 12. Ne2 Rc8 13. Ng3 Qe7 14. Qd2 Ne8 15. c3 f5
16. gxf5 exf5 17. Rae1 Qd8 18. Bf2 Nc7 19. Ne2 Be6 20. exf5 Bxf5 21. Nh4 Ne7
22. Nxf5 Nxf5 23. d4 Qf6 24. dxc5 dxc5 25. Ng3 Rcd8 26. Qc2 a5 27. Nxf5 gxf5
28. Qb3+ Kh8 29. Qc2 Rfe8 30. Re3 Rxe3 31. Bxe3 Nd5 32. Bxd5 Rxd5 33. Rf3 Qg6+
34. Kh2 Qh5 35. Rg3 Qd1 36. Qg2 Rd7 37. Qa8+ Rd8 38. Qb7 1-0